MARC

LEADER 00000nam0a2200000 4500
001 355834
005 20231102010832.0
035 |a (RuTPU)RU\TPU\retro\13094 
035 |a RU\TPU\book\315482 
035 |a RU\TPU\book\330105 
090 |a 355834 
100 |a 20150919d1979 m y0rusy50 ca 
101 0 |a rus 
102 |a RU 
105 |a y j 001zy 
200 1 |a Экономика энергомашиностроения  |e учебник для вузов  |f И. Е. Нелидов 
205 |a 3-е изд., перераб. и доп. 
210 |a Москва  |c Высшая школа  |d 1972 
215 |a 336 с. 
320 |a Библиогр.: с. 331-332 
606 1 |a Энергомашиностроение  |2 stltpush  |3 (RuTPU)RU\TPU\subj\21347  |9 46362 
610 1 |a экономика 
610 1 |a энергооборудование 
610 1 |a предприятия 
610 1 |a планирование 
610 1 |a организация производства 
610 1 |a управление 
610 1 |a финансы 
610 1 |a хозяйственный контроль 
610 1 |a прогнозирование 
610 1 |a технический прогресс 
610 1 |a концентрация 
610 1 |a специализация 
610 1 |a кооперирование 
610 1 |a размещение 
610 1 |a продукция 
610 1 |a себестоимость 
610 1 |a качество 
610 1 |a оборотные средства 
610 1 |a кадры 
610 1 |a производительность труда 
610 1 |a учебники 
675 |a 620.9.002(075.8)  |v 4 
700 1 |a Нелидов  |b И. Е.  |g Игорь Евгеньевич 
801 1 |a RU  |b 63413507  |c 20200713 
801 2 |a RU  |b 63413507  |c 20210402  |g RCR 
942 |c BK